000 00762nam a2200217 i 4500
001 bg
245 1 0 _aPrzyszłość polityki spójności a przegląd budżetu Unii Europejskiej w latach 2008-2009 :
_bmateriał do dyskusji /
_cMarcin Kwasowski [et al.].
260 _aWarszawa :
_bUrząd Komitetu Integracji Europejskiej,
_c2006.
300 _a84, [1] s. :
_bil. (w tym kolor.) ;
_c24 cm.
500 _aU dołu okł.: yzwania członkostwa : debata.
500 _aStreszcz. ang.
504 _aBibliogr.
610 2 _aUnia Europejska
_xfinanse
_xpolityka
020 _a8389972883
040 _cBPK
041 0 _apol
_beng
080 _a339.727:339.923]"2001/..."(4-67)
920 _a83-89972-88-3
942 _cKS
008 s pl f |000 0 pol
999 _c53708
_d53708
856 _uhttp://koha.tu.koszalin.pl/cgi-bin/koha/opac-detail.pl?biblionumber=53708
_yKatalog online BPK